[Event "5MCR_3DW_1L_3S"]
[Site "ČR"]
[Date "2013.??.??"]
[Round "?"]
[White "Portych, Vaclav"]
[Black "Cvak, Rudolf"]
[Result "0-1"]
[WhiteElo "2187"]
[BlackElo "2248"]
[PlyCount "90"]
[EventDate "2013.??.??"]
[EventType "corr"]

1. c4 f5 2. d4 Nf6 3. Nf3 e6 4. Nc3 Bb4 5. Bg5 Bxc3+ 6. bxc3 h6 7. Bxf6 Qxf6 8.
g3 b6 9. Bg2 Bb7 10. O-O O-O 11. Qa4 Bc6 12. Qb3 Be4 13. Rad1 Nc6 14. e3 Na5
15. Qa4 Bc6 16. Qb4 d6 17. Nd2 Bxg2 18. Kxg2 e5 19. Nb3 Nxb3 20. axb3 f4 21.
Qb5 Rae8 22. Qd5+ Kh8 23. b4 Qg6 24. Rde1 fxg3 25. hxg3 e4 26. Qc6 Qf5 27. Ra1
Qf3+ 28. Kg1 Re7 29. Qa4 Qg4 30. Kg2 Ref7 31. Ra2 h5 32. Qd1 Rf3 33. Qe1 h4 34.
Rh1 g5 35. b5 Kg7 36. c5 dxc5 37. dxc5 Rh8 38. Rh2 hxg3 39. fxg3 Rd8 40. Rh3
Rd3 41. Re2 bxc5 42. c4 Kg6 43. Rh8 Rb3 44. Rg8+ Kh7 45. Ra8 Rb1 0-1

[Event "5MCR_3DW_1L_3S"]
[Site "ČR"]
[Date "2013.??.??"]
[Round "?"]
[White "Bares, Jiri"]
[Black "Valak, Alois"]
[Result "1/2-1/2"]
[WhiteElo "2256"]
[BlackElo "2346"]
[PlyCount "79"]
[EventDate "2013.??.??"]
[EventType "corr"]

1. c4 e5 2. Nc3 Nf6 3. Nf3 Nc6 4. g3 Bb4 5. Bg2 O-O 6. O-O e4 7. Ng5 Bxc3 8.
bxc3 Re8 9. f3 exf3 10. Nxf3 Qe7 11. e3 d6 12. d3 Ne5 13. Nd4 c5 14. Nf5 Bxf5
15. Rxf5 Rac8 16. Rb1 b6 17. Qf1 Rc7 18. a4 h6 19. Bd2 Rec8 20. Rb5 Nc6 21. Qe2
Qe6 22. e4 Nh7 23. Be3 Re8 24. Rf1 Qd7 25. h4 Nf8 26. Kh2 Qd8 27. Bh3 Rce7 28.
Rb2 Ne6 29. Qd1 Ne5 30. Rbf2 Nf8 31. Qd2 Rc7 32. Bxh6 gxh6 33. Qxh6 Nxd3 34.
Rd2 Ne5 35. Rxd6 Qa8 36. Qg5+ Neg6 37. Bf5 Nh7 38. Qh6 Rce7 39. e5 Qb8 40. Bc2
1/2-1/2

[Event "5MCR_3DW_1L_3S"]
[Site "ČR"]
[Date "2013.??.??"]
[Round "?"]
[White "Vodicka, Milan"]
[Black "Valak, Alois"]
[Result "1/2-1/2"]
[WhiteElo "2245"]
[BlackElo "2346"]
[PlyCount "104"]
[EventDate "2013.??.??"]
[EventType "corr"]

1. d4 Nf6 2. c4 e6 3. Nf3 d5 4. cxd5 exd5 5. Nc3 Bd6 6. Bg5 c6 7. Qc2 O-O 8. e3
h6 9. Bh4 Re8 10. Bd3 Be6 11. O-O Nbd7 12. a3 Qc7 13. Rac1 Rac8 14. b4 a6 15.
Rb1 b5 16. Rbc1 a5 17. Qb1 Qa7 18. Qb2 Nh5 19. Ne2 Nb6 20. Ng3 Nxg3 21. Bxg3
Bxg3 22. hxg3 Nc4 23. Qc3 Ra8 24. Ra1 Qd7 25. Nd2 a4 26. Qc2 Bg4 27. Nf3 Qd6
28. Rfc1 Rac8 29. Bh7+ Kf8 30. Bf5 Bxf5 31. Qxf5 Qg6 32. Qxg6 fxg6 33. Rc3 g5
34. Kf1 Re4 35. Ke2 g4 36. Nd2 Re6 37. Nxc4 dxc4 38. Rc2 Rd8 39. Kd2 Ke7 40.
Rh1 Rd5 41. Kd1 Kd6 42. Re2 Kd7 43. Rh4 h5 44. f3 Rf5 45. f4 Re4 46. Kd2 Kd6
47. Rh1 Kd5 48. Rc1 Rf8 49. Rh1 g6 50. Kc3 Rf7 51. Rh4 Rfe7 52. Kd2 Rh7 1/2-1/2

[Event "5MCR_3DW_1L_3S"]
[Site "ČR"]
[Date "2013.??.??"]
[Round "?"]
[White "Valak, Alois"]
[Black "Vodicka, Milan"]
[Result "1-0"]
[WhiteElo "2346"]
[BlackElo "2245"]
[PlyCount "97"]
[EventDate "2013.??.??"]
[EventType "corr"]

1. e4 e5 2. Nf3 Nc6 3. Bb5 Nd4 4. Nxd4 exd4 5. O-O c6 6. Bc4 Nf6 7. Re1 d6 8.
c3 Ng4 9. h3 Ne5 10. d3 Qb6 11. Re2 c5 12. cxd4 cxd4 13. Bd5 Be7 14. f4 Nd7 15.
Nd2 O-O 16. Nc4 Qd8 17. Bd2 Nf6 18. Qb3 Nxd5 19. exd5 b6 20. Bb4 Ba6 21. Qa4
Bxc4 22. dxc4 Rc8 23. Ba3 Bh4 24. Rd1 Qf6 25. Qd7 Rfd8 26. Qxa7 Rxc4 27. Qxb6
h6 28. Qb5 d3 29. Qxc4 dxe2 30. Qxe2 Qxf4 31. b3 Ra8 32. Bc1 Qb4 33. Kh2 Bf6
34. Bd2 Qb6 35. Bf4 Qb4 36. Bg3 h5 37. Qxh5 Rxa2 38. Qf3 Bh4 39. Rf1 Bxg3+ 40.
Kxg3 f5 41. Kh2 Qe4 42. Qxe4 fxe4 43. Kg3 Rb2 44. Kf4 Rxb3 45. Kxe4 Rg3 46. Kf5
Re3 47. Rf4 Kh7 48. Rh4+ Kg8 49. Re4 1-0

[Event "5MCR_3DW_1L_3S"]
[Site "ČR"]
[Date "2014.??.??"]
[Round "?"]
[White "Cvak, Rudolf"]
[Black "Bares, Jiri"]
[Result "1/2-1/2"]
[WhiteElo "2248"]
[BlackElo "2256"]
[PlyCount "114"]
[EventDate "2013.??.??"]
[EventType "corr"]

1. e4 c5 2. Nf3 d6 3. d4 cxd4 4. Nxd4 Nf6 5. Nc3 a6 6. Bc4 e6 7. Bb3 Nbd7 8.
O-O Nc5 9. Qf3 Be7 10. Rd1 Bd7 11. Qg3 O-O 12. e5 dxe5 13. Nf3 e4 14. Ne5 Qb8
15. Bf4 Qc8 16. Be3 Rd8 17. Bh6 Ne8 18. Be3 Nd6 19. Nxd7 Rxd7 20. Qf4 Nxb3 21.
axb3 f5 22. Na4 e5 23. Qxe5 Nf7 24. Qc3 Qxc3 25. Nxc3 Rad8 26. Rxd7 Rxd7 27.
Ra5 Bb4 28. Rd5 Ne5 29. Kf1 Rxd5 30. Nxd5 Bd6 31. h3 Kf7 32. Ke2 Ng6 33. f3
exf3+ 34. gxf3 Ke6 35. c4 Be5 36. Bc1 f4 37. b4 Kf5 38. b3 Kg5 39. Kf2 Nf8 40.
Bd2 Ne6 41. Be1 Nd4 42. Bc3 Nc6 43. Bxe5 Nxe5 44. h4+ Kxh4 45. Nxf4 g6 46. Ng2+
Kh5 47. Nf4+ Kg5 48. Ne6+ Kf5 49. Nc5 Nc6 50. b5 axb5 51. Nxb7 b4 52. Nc5 g5
53. Nd3 h5 54. c5 Ke6 55. Kg3 Kf5 56. Kh3 Ne5 57. Nxb4 Nxf3 1/2-1/2

[Event "5MCR_3DW_1L_3S"]
[Site "ČR"]
[Date "2014.??.??"]
[Round "?"]
[White "Schwarz, Jan"]
[Black "Vodicka, Milan"]
[Result "1-0"]
[WhiteElo "2289"]
[BlackElo "2245"]
[PlyCount "115"]
[EventDate "2013.??.??"]
[EventType "corr"]

1. e4 e5 2. Nf3 Nc6 3. Bb5 a6 4. Ba4 Nf6 5. O-O Nxe4 6. d4 b5 7. Bb3 d5 8. dxe5
Be6 9. Nbd2 Nc5 10. c3 Bg4 11. Bc2 Qd7 12. Re1 Be7 13. Nf1 Bh5 14. Ng3 Bg6 15.
h4 O-O 16. b4 Ne6 17. Bb3 h6 18. h5 Bh7 19. Qxd5 Qe8 20. Qd2 a5 21. bxa5 Nxa5
22. Bc2 Nc4 23. Bxh7+ Kxh7 24. Qc2+ Kh8 25. Nf5 Ra4 26. Rb1 Ba3 27. Be3 Rg8 28.
Re2 Bf8 29. Qd3 c6 30. Rd1 Ba3 31. Qb1 Qb8 32. Rd7 Qe8 33. Rb7 Nd8 34. Rb8 Nxe3
35. Rxe3 Qd7 36. Nd6 Bxd6 37. Qd3 Qc7 38. Qxd6 Ne6 39. Rxg8+ Kxg8 40. Nd4 Rxa2
41. Qxc6 Qxc6 42. Nxc6 Nf4 43. Rf3 Ne6 44. Rd3 Rc2 45. Nb4 Rb2 46. Nd5 Ra2 47.
Rd1 Ra4 48. Rb1 Nf4 49. Nxf4 Rxf4 50. Rxb5 Rc4 51. g3 Rxc3 52. Rb8+ Kh7 53. Rb7
Kg8 54. Kg2 Rc2 55. Kf3 Rc6 56. Ke4 Kf8 57. Rb8+ Ke7 58. Rg8 1-0

[Event "5MCR_3DW_1L_3S"]
[Site "ČR"]
[Date "2014.??.??"]
[Round "?"]
[White "Bares, Jiri"]
[Black "Portych, Vaclav"]
[Result "1-0"]
[WhiteElo "2256"]
[BlackElo "2187"]
[PlyCount "89"]
[EventDate "2013.??.??"]
[EventType "corr"]

1. e4 c5 2. Nf3 Nc6 3. d4 cxd4 4. Nxd4 Nf6 5. Nc3 e5 6. Ndb5 d6 7. Bg5 a6 8.
Na3 b5 9. Bxf6 gxf6 10. Nd5 f5 11. Bd3 Be6 12. O-O Bxd5 13. exd5 Ne7 14. Nxb5
Bg7 15. Nc3 e4 16. Bc4 Qc7 17. Qe2 O-O 18. Na4 Qa5 19. Bb3 Rab8 20. f3 Rb4 21.
Nc3 Qc5+ 22. Kh1 Bxc3 23. bxc3 Qxc3 24. Qxa6 Qd4 25. Qxd6 Ng6 26. fxe4 fxe4 27.
c4 Rb6 28. Rad1 Qxd1 29. Qxf8+ Kxf8 30. Rxd1 Ne5 31. c5 Rb5 32. c6 Rc5 33. Kg1
Nd3 34. d6 Rxc6 35. Bd5 Rc1 36. Rxc1 Nxc1 37. a4 Nd3 38. Bxe4 Nc5 39. a5 h6 40.
Bc6 f6 41. Bb5 Kf7 42. a6 Nxa6 43. Bxa6 Ke6 44. Kf2 Kxd6 45. Kg3 1-0

[Event "5MCR_3DW_1L_3S"]
[Site "ČR"]
[Date "2014.??.??"]
[Round "?"]
[White "Portych, Vaclav"]
[Black "Alexa, Jaroslav"]
[Result "1/2-1/2"]
[WhiteElo "2187"]
[BlackElo "2340"]
[PlyCount "89"]
[EventDate "2013.??.??"]
[EventType "corr"]

1. c4 Nf6 2. Nc3 c6 3. d4 d5 4. Nf3 dxc4 5. a4 Bf5 6. Ne5 Nbd7 7. Nxc4 Nb6 8.
Ne5 a5 9. e3 g6 10. Bd3 Bxd3 11. Nxd3 Bg7 12. O-O O-O 13. Qb3 Nfd7 14. Ne2 e5
15. dxe5 c5 16. Qb5 c4 17. Nc5 Nxe5 18. e4 Re8 19. Be3 Ng4 20. Bf4 Be5 21. h3
Bxf4 22. hxg4 Bc7 23. g3 Qc8 24. Nc3 Qxg4 25. Kg2 h5 26. Rh1 Red8 27. Rh4 Qg5
28. Nxb7 Qxb5 29. Nxb5 Rd2 30. Nxc7 Ra7 31. Nxa5 Rxc7 32. b3 c3 33. Rhh1 c2 34.
Rhe1 Kg7 35. Nc4 Nxc4 36. bxc4 Rcd7 37. Rec1 Re2 38. a5 Rdd2 39. Rf1 Rxe4 40.
a6 Rd8 41. a7 Rxc4 42. a8=Q Rxa8 43. Rxa8 c1=Q 44. Rxc1 Rxc1 45. Ra2 1/2-1/2

[Event "5MCR_3DW_1L_3S"]
[Site "ČR"]
[Date "2014.??.??"]
[Round "?"]
[White "Alexa, Jaroslav"]
[Black "Portych, Vaclav"]
[Result "1-0"]
[WhiteElo "2340"]
[BlackElo "2187"]
[PlyCount "91"]
[EventDate "2013.??.??"]
[EventType "corr"]

1. d4 Nf6 2. Nf3 g6 3. c4 Bg7 4. Nc3 d5 5. cxd5 Nxd5 6. e4 Nxc3 7. bxc3 c5 8.
Rb1 O-O 9. Be2 Nc6 10. d5 Bxc3+ 11. Bd2 Bxd2+ 12. Qxd2 Na5 13. h4 Bg4 14. h5
Bxf3 15. gxf3 e5 16. hxg6 fxg6 17. d6 b6 18. Qd5+ Kg7 19. Qxe5+ Qf6 20. Qh2 h5
21. Qg3 Nc6 22. Rd1 Qf4 23. Rh4 Qxg3 24. fxg3 Nd4 25. Rxd4 cxd4 26. e5 Rf5 27.
Re4 d3 28. Bd1 Rg5 29. Kd2 b5 30. e6 Rd5 31. d7 g5 32. Bb3 Rd6 33. e7 Rxd7 34.
e8=Q Rxe8 35. Rxe8 h4 36. gxh4 gxh4 37. Re4 h3 38. Rh4 Kf6 39. Rxh3 Kg5 40. Rh8
Rd6 41. Rf8 a6 42. f4+ Kg6 43. f5+ Kg5 44. Bg8 a5 45. Be6 b4 46. Ra8 1-0

[Event "5MCR_3DW_1L_3S"]
[Site "ČR"]
[Date "2014.??.??"]
[Round "?"]
[White "Schwarz, Jan"]
[Black "Bares, Jiri"]
[Result "1/2-1/2"]
[WhiteElo "2289"]
[BlackElo "2256"]
[PlyCount "147"]
[EventDate "2013.??.??"]
[EventType "corr"]

1. e4 c5 2. Nf3 d6 3. d4 cxd4 4. Nxd4 Nf6 5. Nc3 a6 6. Bg5 e6 7. f4 Be7 8. Qf3
Qc7 9. O-O-O Nbd7 10. g4 b5 11. Bxf6 Nxf6 12. g5 Nd7 13. f5 Nc5 14. f6 gxf6 15.
gxf6 Bf8 16. Rg1 h5 17. a3 Rb8 18. Re1 Na4 19. Nd5 Qa7 20. Qd1 e5 21. Nc6 Qxg1
22. Nxb8 Qa7 23. Nc6 Qc5 24. Ncb4 Nb6 25. Kb1 Nxd5 26. Nxd5 Bg4 27. Be2 Be6 28.
Nb4 a5 29. Nd5 Bxd5 30. exd5 Rh6 31. Rf1 Kd8 32. Bxh5 b4 33. axb4 axb4 34. Qf3
Rh8 35. h3 Kc7 36. Bxf7 Bh6 37. Qb3 Ra8 38. c3 Qb5 39. c4 Qa5 40. Kc2 e4 41.
Bg6 Qb6 42. Kb1 Ra5 43. f7 Bf8 44. Bh5 Qa6 45. Rd1 Ra1+ 46. Kc2 Rxd1 47. Kxd1
Qa1+ 48. Ke2 Qh1 49. Qe3 Kd8 50. Qb6+ Ke7 51. Qa7+ Kf6 52. Qf2+ Ke5 53. Qg3+
Kd4 54. b3 Qc1 55. Bg4 Qb2+ 56. Kf1 Qc1+ 57. Qe1 Qxe1+ 58. Kxe1 Ke3 59. Kf1 Kd4
60. Ke2 Bh6 61. Bf5 Ke5 62. c5 Kxd5 63. cxd6 Kxd6 64. Bxe4 Ke6 65. Bg6 Kf6 66.
Bh5 Kg5 67. Bf3 Kf6 68. Bd5 Ke5 69. Bc4 Ke4 70. h4 Kf4 71. Kd3 Bf8 72. Kd4 Kg4
73. Ke5 Kxh4 74. Kf6 1/2-1/2

[Event "5MCR_3DW_1L_3S"]
[Site "ČR"]
[Date "2014.??.??"]
[Round "?"]
[White "Bares, Jiri"]
[Black "Vodicka, Milan"]
[Result "1-0"]
[WhiteElo "2256"]
[BlackElo "2245"]
[PlyCount "95"]
[EventDate "2013.??.??"]
[EventType "corr"]

1. c4 c5 2. Nf3 Nf6 3. Nc3 Nc6 4. g3 g6 5. Bg2 Bg7 6. d4 cxd4 7. Nxd4 O-O 8.
O-O Nxd4 9. Qxd4 d6 10. Qd3 a6 11. Rd1 Qa5 12. Bd2 Bf5 13. e4 Bg4 14. Re1 Qd8
15. h3 Be6 16. b3 Nd7 17. Rac1 Rc8 18. Nd5 Nc5 19. Qe2 Re8 20. Bc3 Bxc3 21.
Rxc3 Nd7 22. Nf4 Ne5 23. Nxe6 fxe6 24. h4 Qa5 25. Re3 Qc5 26. Bh3 Kf7 27. a4
Rf8 28. h5 Rb8 29. Kg2 b5 30. cxb5 axb5 31. a5 Rbc8 32. Ra1 Qd4 33. Rd1 Qa7 34.
h6 Rc5 35. b4 Rc4 36. Rdd3 Qb7 37. Rf3+ Ke8 38. a6 Qxa6 39. Rxf8+ Kxf8 40. Bxe6
Rxb4 41. Qe3 Nxd3 42. Qxd3 Qa1 43. Qd5 Ra4 44. Qb7 Ra8 45. e5 d5 46. Qxd5 Qa3
47. Qxb5 Rd8 48. Qc4 1-0

[Event "5MCR_3DW_1L_3S"]
[Site "ČR"]
[Date "2014.??.??"]
[Round "?"]
[White "Portych, Vaclav"]
[Black "Schwarz, Jan"]
[Result "0-1"]
[WhiteElo "2187"]
[BlackElo "2289"]
[PlyCount "112"]
[EventDate "2013.??.??"]
[EventType "corr"]

1. c4 e5 2. Nc3 Nf6 3. Nf3 Nc6 4. g3 d5 5. cxd5 Nxd5 6. Bg2 Nb6 7. O-O Be7 8.
a3 O-O 9. b4 Be6 10. d3 a5 11. b5 Nd4 12. Nd2 c6 13. bxc6 Nxc6 14. Rb1 a4 15.
Re1 Qc7 16. Nb5 Qc8 17. Nd6 Bxd6 18. Rxb6 Qc7 19. Rb1 Rfd8 20. Qc2 Rdc8 21. Qd1
Bf8 22. Nc4 Ra6 23. Bb2 b5 24. Bxc6 Qxc6 25. Nxe5 Qb7 26. Qd2 b4 27. Rec1 Rxc1+
28. Qxc1 Bh3 29. e4 f6 30. Nf3 Qb5 31. Qc2 Rc6 32. Qd1 Bg4 33. Kg2 bxa3 34. Bd4
Qh5 35. h4 Rd6 36. Rb4 Bxf3+ 37. Qxf3 Qxf3+ 38. Kxf3 a2 39. Rxa4 Rxd4 40. Rxa2
Rxd3+ 41. Kg4 Ba3 42. h5 Kf7 43. Re2 Ke6 44. f4 Be7 45. Ra2 Re3 46. Ra6+ Kf7
47. Ra4 g6 48. hxg6+ hxg6 49. Rc4 Rxe4 50. Rc6 Re3 51. Rc4 f5+ 52. Kh3 g5 53.
fxg5 Bd6 54. Kg2 Rxg3+ 55. Kf1 f4 56. Rc2 Rxg5 0-1

[Event "5MCR_3DW_1L_3S"]
[Site "ČR"]
[Date "2014.??.??"]
[Round "?"]
[White "Valak, Alois"]
[Black "Alexa, Jaroslav"]
[Result "1/2-1/2"]
[WhiteElo "2346"]
[BlackElo "2340"]
[PlyCount "161"]
[EventDate "2013.??.??"]
[EventType "corr"]

1. e4 c5 2. Nf3 Nc6 3. Nc3 Nf6 4. Bb5 Qc7 5. O-O Nd4 6. Re1 a6 7. Bf1 Ng4 8. g3
Nxf3+ 9. Qxf3 Ne5 10. Qe3 e6 11. b3 d6 12. Bb2 Be7 13. Ne2 O-O 14. d4 cxd4 15.
Nxd4 b6 16. c4 Bf6 17. a4 Bb7 18. Bg2 Rab8 19. Bc3 Rfc8 20. Red1 h6 21. Qe2 Nd7
22. Qc2 Ba8 23. Rac1 Rd8 24. Rd2 Rbc8 25. Re1 Bb7 26. Red1 Nc5 27. h3 Bg5 28.
Re2 Bf6 29. Kh2 Re8 30. Red2 Red8 31. Bb2 Ba8 32. f4 Bb7 33. Bf3 Be7 34. Bh1
Bf6 35. Bg2 Be7 36. Ne2 Ba8 37. Nc3 Bc6 38. Rf2 Bf6 39. Rfd2 Ba8 40. h4 Bc6 41.
b4 Nb7 42. Rd3 Be8 43. Qe2 Be7 44. Qg4 Bf8 45. f5 Bd7 46. Rd4 a5 47. b5 Nc5 48.
R4d2 Kh8 49. Rxd6 Bxd6 50. Nd5 Bxg3+ 51. Kh1 Be5 52. Nxc7 Bxb2 53. fxe6 Bxe6
54. Nxe6 fxe6 55. Qe2 Be5 56. Rxd8+ Rxd8 57. Qh5 Bc7 58. e5 Nxa4 59. Bc6 Nc5
60. Be8 Rd4 61. Bf7 Rf4 62. Bxe6 Nxe6 63. Qe8+ Nf8 64. Qe7 Bb8 65. e6 Kh7 66.
Qd8 Nxe6 67. Qxb8 Rxh4+ 68. Kg2 Rxc4 69. Qxb6 Nd4 70. Qd8 Rc2+ 71. Kf1 Rc1+ 72.
Kf2 Nxb5 73. Qd3+ Kh8 74. Qxb5 a4 75. Qxa4 Rc5 76. Qe8+ Kh7 77. Qe4+ Kh8 78.
Qd3 Rg5 79. Kf3 Kg8 80. Kf4 Kh8 81. Qe4 1/2-1/2

[Event "5MCR_3DW_1L_3S"]
[Site "ČR"]
[Date "2014.??.??"]
[Round "?"]
[White "Alexa, Jaroslav"]
[Black "Bares, Jiri"]
[Result "0-1"]
[WhiteElo "2340"]
[BlackElo "2256"]
[PlyCount "120"]
[EventDate "2013.??.??"]
[EventType "corr"]

1. d4 d5 2. c4 e6 3. Nc3 Nf6 4. Nf3 Be7 5. Bf4 dxc4 6. e3 Nd5 7. Be5 f6 8. Bg3
Nxc3 9. bxc3 b5 10. Nd2 c6 11. a4 a6 12. Qh5+ g6 13. Qh6 Kf7 14. Be2 Nd7 15.
Bf3 Bb7 16. O-O Nb6 17. Rfc1 Qd7 18. a5 Nd5 19. e4 Bf8 20. Qh4 Ne7 21. Re1 Rd8
22. Rad1 Bg7 23. h3 h5 24. Bh2 c5 25. dxc5 Qd3 26. Nb1 Qc2 27. Rd6 Bc6 28. Bf4
e5 29. Be3 Rxd6 30. cxd6 Nc8 31. Rd1 Bd7 32. Rc1 Qa2 33. Bd1 Qxa5 34. f4 exf4
35. Bd4 g5 36. Qf2 Qd8 37. Nd2 Nxd6 38. h4 Bg4 39. Bc2 Kg8 40. Ra1 Bc8 41. Nf3
Nf7 42. Bb6 Qd7 43. Rd1 Qc6 44. Rd5 g4 45. Qc5 Qxc5+ 46. Rxc5 Nd6 47. Nd4 Bb7
48. Rc7 Bf8 49. Rd7 Bxe4 50. Bc5 Bxc2 51. Bxd6 Bxd6 52. Rxd6 Bd3 53. Ne6 Kf7
54. Nxf4 Re8 55. Kf2 a5 56. Rd7+ Re7 57. Rd5 Re4 58. g3 Rxf4+ 59. gxf4 b4 60.
Rxa5 bxc3 0-1

[Event "5MCR_3DW_1L_3S"]
[Site "ČR"]
[Date "2014.??.??"]
[Round "?"]
[White "Vodicka, Milan"]
[Black "Alexa, Jaroslav"]
[Result "0-1"]
[WhiteElo "2245"]
[BlackElo "2340"]
[PlyCount "140"]
[EventDate "2013.??.??"]
[EventType "corr"]

1. d4 d5 2. c4 c6 3. Nf3 Nf6 4. Nc3 dxc4 5. a4 Bf5 6. e3 e6 7. Bxc4 Bb4 8. O-O
Nbd7 9. Nh4 O-O 10. f3 Bg6 11. e4 e5 12. Nxg6 hxg6 13. Be3 Qe7 14. Qe2 exd4 15.
Bxd4 Bc5 16. Rad1 Ne5 17. Ba2 Rad8 18. Bxc5 Qxc5+ 19. Kh1 g5 20. g3 Rxd1 21.
Rxd1 a6 22. Kg2 b5 23. Qf2 Qb4 24. h3 Rb8 25. axb5 axb5 26. Rd4 Qe7 27. Bb1
Nfd7 28. Rd1 Nc5 29. Ne2 Nc4 30. Nc1 Qe5 31. b3 Na3 32. Nd3 Nxd3 33. Bxd3 Qc3
34. Qa2 Rd8 35. Qe2 Re8 36. Bb1 Qxb3 37. Ba2 Qb4 38. e5 Nc4 39. f4 gxf4 40.
gxf4 Qc3 41. Rd7 Ra8 42. Bxc4 bxc4 43. Qd2 Qa5 44. Qe2 c3 45. Qd3 c5 46. Kf3
Qb6 47. Rd6 Qb7+ 48. Kg3 Qc8 49. Qxc3 c4 50. Rd4 Ra4 51. Kh4 Ra6 52. Rd6 Ra8
53. Qf3 Rb8 54. Qe4 Qc5 55. Qd4 Rc8 56. Qxc5 Rxc5 57. Rd8+ Kh7 58. Rd2 c3 59.
Rc2 Kg6 60. Kg4 f5+ 61. Kf3 Kf7 62. Ke3 Rc4 63. Rc1 c2 64. Kd3 Rxf4 65. Rxc2
Re4 66. Rc7+ Kg6 67. Re7 Kh6 68. Kd2 g6 69. Kd3 Kh5 70. Rh7+ Kg5 0-1

[Event "5MCR_3DW_1L_3S"]
[Site "ČR"]
[Date "2014.??.??"]
[Round "?"]
[White "Cvak, Rudolf"]
[Black "Portych, Vaclav"]
[Result "1-0"]
[WhiteElo "2248"]
[BlackElo "2187"]
[PlyCount "199"]
[EventDate "2013.??.??"]
[EventType "corr"]

1. e4 c5 2. Nf3 Nc6 3. d4 cxd4 4. Nxd4 Nf6 5. Nc3 e5 6. Ndb5 d6 7. Bg5 a6 8.
Na3 b5 9. Nd5 Be7 10. Bxf6 Bxf6 11. c4 b4 12. Nc2 a5 13. Qf3 Bg5 14. h4 Bh6 15.
g4 f6 16. Rg1 O-O 17. Qg3 g5 18. h5 Rb8 19. O-O-O Be6 20. Nce3 Nd4 21. Nf5 Bxf5
22. exf5 Rf7 23. Qe3 a4 24. Kb1 Bf8 25. Rxd4 exd4 26. Qe6 b3 27. a3 h6 28. Bg2
Kg7 29. f4 Rbb7 30. fxg5 hxg5 31. Rd1 Qa5 32. Bf1 Qa7 33. Bd3 Qb8 34. Rf1 Qa8
35. Ka1 Kh8 36. Rd1 Kg7 37. h6+ Kh8 38. Be4 Qd8 39. Rxd4 Bxh6 40. Rd1 Bf8 41.
Bf3 Ra7 42. Rh1+ Rh7 43. Rxh7+ Rxh7 44. Nxf6 Rg7 45. Nd5 Rh7 46. Be4 Qd7 47. c5
dxc5 48. Qe5+ Qg7 49. f6 Qh6 50. Bb1 Rf7 51. Qe6 Ra7 52. Nb6 Rh7 53. Nxa4 Qh1
54. Qf5 Rh6 55. Nxc5 Qc1 56. Nd3 Qc7 57. Qxg5 Rh1 58. Qe3 Qc6 59. Nf2 Rxb1+ 60.
Kxb1 Qxf6 61. a4 Qf7 62. a5 Bg7 63. a6 Qg6+ 64. Qd3 Qb6 65. Qh3+ Kg8 66. Qf1
Bh6 67. Qc4+ Kg7 68. Nd1 Bd2 69. Qd3 Bf4 70. Qd7+ Kh6 71. Qf5 Qd6 72. Nc3 Qd4
73. Qe6+ Kg7 74. Qe7+ Kh6 75. Qf8+ Kg6 76. Qg8+ Kh6 77. Qe6+ Kg7 78. Qe7+ Kh6
79. Ka1 Qg1+ 80. Nb1 Be3 81. Qe6+ Kg5 82. Qxb3 Kxg4 83. Qg8+ Kf5 84. Qxg1 Bxg1
85. Nc3 Ke6 86. b4 Kd7 87. b5 Kd6 88. Ka2 Kc7 89. Kb3 Kb6 90. Ka4 Bf2 91. Nd5+
Ka7 92. Kb4 Bg1 93. Ka5 Kb8 94. b6 Bh2 95. Kb5 Bg3 96. Kc6 Be5 97. a7+ Ka8 98.
Nc7+ Bxc7 99. bxc7 Kxa7 100. c8=R 1-0